2025 College Football Starting QBs - Statistics

General Stats
  • This quiz has been taken 90 times
    24 since last reset
  • The average score is 40 of 136
Answer Stats
Hint Answer % Correct
Alabama Crimson Tide Ty Simpson
95%
Arizona State Sun Devils Sam Leavitt/Jeff Sims
80%
Penn State Nittany Lions Drew Allar
75%
Indiana Hoosiers Fernando Mendoza
75%
Arizona Wildcats Noah Fifita
75%
Arkansas Razorbacks Taylen Green
75%
Ole Miss Rebels Trinidad Chambliss/Austin Simmons
75%
Kansas State Wildcats Avery Johnson
70%
Oregon Ducks Dante Moore
70%
Florida Gators DJ Lagway
70%
Georgia Bulldogs Gunner Stockton
70%
Auburn Tigers Jackson Arnold
70%
Oklahoma Sooners John Mateer
70%
Ohio State Buckeyes Julian Sayin
70%
Miami(FL) Hurricanes Carson Beck
65%
Vanderbilt Commodores Diego Pavia
65%
Georgia Tech Yellow Jackets Haynes King
65%
Baylor Bears Sawyer Robertson
65%
Texas Longhorns Arch Manning
60%
Michigan Wolverines Bryce Underwood
60%
South Florida Bulls Byrum Brown
60%
Notre Dame Fighting Irish CJ Carr
60%
Duke Blue Devils Darian Mensah
60%
Washington Huskies Demond Williams Jr.
60%
Nebraska Cornhuskers Dylan Raiola
60%
LSU Tigers Garrett Nussmeier
60%
Kansas Jayhawks Jalon Daniels
60%
Colorado Buffaloes Kaidon Salter/Julian Lewis
60%
Georgia State Panthers TJ Finley/Cameran Brown
60%
Florida State Seminoles Tommy Castellanos
60%
BYU Cougars Bear Bachmeier
55%
Cincinnati Bearcats Brendan Sorsby
55%
Clemson Tigers Cade Klubnik
55%
Tennessee Volunteers Joey Aguilar
55%
South Carolina Gamecocks LaNorris Sellers
55%
Texas A&M Aggies Marcel Reed
55%
Michigan State Spartans Aidan Chiles
50%
Pittsburgh Panthers Eli Holstein/Mason Heintschel
50%
SMU Mustangs Kevin Jennings
50%
Missouri Tigers Beau Pribula
45%
Texas Tech Red Raiders Behren Morton
45%
North Texas Mean Green Drew Mestemaker
45%
TCU Horned Frogs Josh Hoover
45%
Iowa Hawkeyes Mark Gronowski
45%
Louisville Cardinals Miller Moss
45%
Iowa State Cyclones Rocco Becht
45%
Houston Cougars Conner Weigman
40%
Utah Utes Devon Dampier
40%
North Carolina Tar Heels Gio Lopez
40%
USC Trojans Jayden Maiava
40%
Northern Illinois Huskies Josh Holst
40%
Illinois Illini Luke Altmyer
40%
Oregon State Beavers Maalik Murphy
40%
Boise State Broncos Maddux Madsen
40%
Maryland Terrapins Malik Washington
40%
UCLA Bruins Nico Iamaleava
40%
Syracuse Orange Steve Angeli/Rickie Collins
40%
James Madison Dukes Alonza Barnett III
35%
Navy Midshipmen Blake Horvath
35%
Tulane Green Wave Jake Retzlaff
35%
Northwestern Wildcats Preston Stone
35%
Wisconsin Badgers Billy Edwards Jr./Danny O’Neil/Hunter Simmons
30%
Mississippi State Bulldogs Blake Shapen
30%
Rutgers Scarlet Knights Athan Kaliakmanis
25%
Memphis Tigers Brendon Lewis
25%
Virginia Cavaliers Chandler Morris
25%
NC State Wolfpack CJ Bailey
25%
Nevada Wolf Pack Cubba Purdy/Carter Jones
25%
Kentucky Wildcats Cutter Boley
25%
Boston College Eagles Dylan Lonergan/Grayson James
25%
Virginia Tech Hokies Kyron Drones
25%
Wake Forest Demon Deacons Robby Ashford/Deshawn Purdie
25%
Purdue Boilermakers Ryan Browne
25%
Oklahoma State Cowboys Zane Flores/Sam Jackson V
25%
Colorado State Rams Brayden Fowler-Nicolosi/Jackson Brousseau
20%
Old Dominion Monarchs Colton Joseph
20%
California Golden Bears Jaron-Keawe Sagapolutele
20%
UTEP Miners Malachi Nelson/Skyler Locklear
20%
UNLV Rebels Anthony Colandrea
15%
Texas State Bobcats Brad Jackson
15%
Rice Owls Chase Jenkins
15%
Miami(OH) RedHawks Dequan Finn
15%
UConn Huskies Joe Fagnano
15%
FIU Panthers Keyone Jenkins
15%
Hawaii Rainbow Warriors Micah Alejado
15%
UCF Knights Tayven Jackson
15%
UMass Minutemen Brandon Rose/Grant Jordan/AJ Hairston
10%
Marshall Thundering Herd Carlos Del Rio-Wilson
10%
Minnesota Golden Gophers Drake Lindsey
10%
Tulsa Golden Hurricane Kirk Francis/Baylor Hayes
10%
Akron Zips Ben Finley
5%
Louisiana Tech Bulldogs Blake Baker
5%
Southern Miss Golden Eagles Braylon Braxton
5%
Kent State Golden Flashes Dru DeShields
5%
Liberty Flames Ethan Vasko
5%
Sam Houston Bearkats Hunter Watson
5%
San Diego State Aztecs Jayden Denegal
5%
Central Michigan Chippewas Joe Labas
5%
Wyoming Cowboys Kaden Anderson
5%
East Carolina Pirates Katin Houser
5%
Air Force Falcons Liam Szarka
5%
Delaware Blue Hens Nick Minicucci
5%
UTSA Roadrunners Owen McCown
5%
Buffalo Bulls Ta'Quan Roberson
5%
Toledo Rockets Tucker Gleason
5%
Louisiana-Monroe Warhawks Aidan Armenta
0%
Appalachian State Mountaineers AJ Swann/JJ Kohl
0%
Kennesaw State Owls Amari Odom
0%
Stanford Cardinal Ben Gulbranson
0%
South Alabama Jaguars Bishop Davenport
0%
Western Michigan Broncos Broc Lowry
0%
Utah State Aggies Bryson Barnes
0%
FAU Owls Caden Veltkamp
0%
Charlotte 49ers Conner Harrell/Grayson Loftis
0%
Army Black Knights Dewayne Coleman/Cade Hellums
0%
Bowling Green Falcons Drew Pyne
0%
Fresno State Bulldogs E.J. Warner
0%
Temple Owls Evan Simon
0%
Jacksonville State Gamecocks Gavin Wimsatt/Caden Creel
0%
New Mexico Lobos Jack Layne
0%
Missouri State Bears Jacob Clark
0%
UAB Blazers Jalen Kitna
0%
Arkansas State Red Wolves Jaylen Raynor
0%
Georgia Southern Eagles JC French IV
0%
Ball State Cardinals Kiael Kelly
0%
New Mexico State Aggies Logan Fife
0%
Louisiana Ragin' Caijuns Lunch Winfield
0%
Western Kentucky Hilltoppers Maverick McIvor/Rodney Tisdale Jr.
0%
West Virginia Mountaineers Nicco Marchiol/Scotty Fox Jr.
0%
Middle Tennessee Blue Raiders Nicholas Vattiato
0%
Eastern Michigan Eagles Noah Kim
0%
Ohio Bobcats Parker Navarro
0%
Coastal Carolina Chanticleers Tad Hudson/Samari Collier
0%
Troy Trojans Tucker Kilcrease
0%
San Jose State Spartans Walker Eget
0%
Washington State Cougars Zevi Eckhaus
0%
No matching quizzes found
Score Distribution
Percent of People with Each Score
Percentile by Number Answered
Your Score History
You have not taken this quiz since the last reset